Kerbal planets - Statistics

General Stats
  • This quiz has been taken 33 times
  • The average score is 14 of 16
Answer Stats
Hint Answer % Correct
Rocky moon that all Kerbals see at night (Moon) Mun
100%
Red planet with massive ice caps Duna
97%
Big gassy green boi Jool
94%
Home of the Kerbals Kerbin
94%
Ice planet, hidden away from Kerbol Eeloo
90%
Big purple monster Eve
90%
Liquid water can be found here (Moon) Laythe
90%
Ice cream moon (Moon) Minmus
90%
Home of the Kraken (Moon) Bop
87%
Wrecker of orbits (Moon) Ike
87%
Barren and rocky, has a strange hole at the pole Moho
87%
Big speck of pollen (Moon) Pol
84%
Doesn't exist, there is no planet here Dres
81%
Massive rock moon, hardest moon to visit. (Moon) Tylo
81%
Ice cream moon, shares a name with a Kerbal. (Moon) Val
81%
Tiny asteroid in orbit of #2 (Moon) Gilly
77%
No matching quizzes found
Score Distribution
Percent of People with Each Score
Percentile by Number Answered
Your Score History
You have not taken this quiz